Essentials of organizational behavior / (Record no. 3141)

000 -LEADER
fixed length control field nam a22 a 4500
003 - CONTROL NUMBER IDENTIFIER
control field AKMAL
005 - DATE AND TIME OF LATEST TRANSACTION
control field 20170519123728.0
008 - FIXED-LENGTH DATA ELEMENTS--GENERAL INFORMATION
fixed length control field 170519t2010 njua e 001 0 eng d
020 ## - INTERNATIONAL STANDARD BOOK NUMBER
International Standard Book Number 9780136077619 (pbk.) :
Terms of availability RM368.88
020 ## - INTERNATIONAL STANDARD BOOK NUMBER
International Standard Book Number 0136077617 (pbk.) :
Terms of availability RM368.88
040 ## - CATALOGING SOURCE
Original cataloging agency AKMAL
082 04 - DEWEY DECIMAL CLASSIFICATION NUMBER
Classification number 658.3 ROB
Edition number 22
090 00 - LOCALLY ASSIGNED LC-TYPE CALL NUMBER (OCLC); LOCAL CALL NUMBER (RLIN)
Classification number (OCLC) (R) ; Classification number, CALL (RLIN) (NR) 658.3
Local cutter number (OCLC) ; Book number/undivided call number, CALL (RLIN) ROB
100 1# - MAIN ENTRY--PERSONAL NAME
Personal name Robbins, Stephen P.,
Dates associated with a name 1943-
9 (RLIN) 5921
245 10 - TITLE STATEMENT
Title Essentials of organizational behavior /
Statement of responsibility, etc. Stephen P. Robbins, Timothy A. Judge
250 ## - EDITION STATEMENT
Edition statement 10th ed.
260 ## - PUBLICATION, DISTRIBUTION, ETC.
Place of publication, distribution, etc. Upper Saddle River, N.J. :
Name of publisher, distributor, etc. Prentice Hall,
Date of publication, distribution, etc. c2010
300 ## - PHYSICAL DESCRIPTION
Extent xxiii, 305p. :
Other physical details ill. (some col.) ;
Dimensions 23cm.
500 ## - GENERAL NOTE
General note Includes bibliographical references and glindex
650 10 - SUBJECT ADDED ENTRY--TOPICAL TERM
Topical term or geographic name entry element Organizational behavior
9 (RLIN) 565
700 1# - ADDED ENTRY--PERSONAL NAME
Personal name Judge, Tim
9 (RLIN) 6489
942 ## - ADDED ENTRY ELEMENTS (KOHA)
Source of classification or shelving scheme
Koha item type Book
Holdings
Withdrawn status Lost status Source of classification or shelving scheme Damaged status Not for loan Collection code Home library Current library Shelving location Date acquired Inventory number Total Checkouts Full call number Barcode Date last seen Price effective from Koha item type
          NON-FICTION AKMAL Melaka AKMAL Melaka PINJAMAN 19.05.2017 602316   658.3 ROB 201703908 19.05.2017 19.05.2017 Book
Pusat Sumber Maklumat Dato' Haji Sarmin Md Hussin, Akademi Kastam Diraja Malaysia, Melaka
Tel: 06-2331106 | Faks: 06-2313787